| 000 | 00527nam a22001817a 4500 | ||
|---|---|---|---|
| 005 | 20240701092226.0 | ||
| 008 | 240701b |||||||| |||| 00| 0 eng d | ||
| 020 | _a0-7619-6481-9 | ||
| 082 |
_a300.72 _bQUA |
||
| 245 |
_aQualitative Researching; _bA practical Hand Book/ _cMartin W. Bauer |
||
| 260 |
_aNew Delhi; _bSAGE Publications; _c2006 |
||
| 300 |
_ax, 373p.: _bill; _c24 cm. |
||
| 500 | _aInclude Index. | ||
| 650 | _aSocial Sciences/Research | ||
| 700 | _aMartin W. Bauer | ||
| 700 | _aGeorge Gaskell | ||
| 999 |
_c35990 _d35990 |
||